| 000 | 01033cam a2200289 a 4500 | ||
|---|---|---|---|
| 001 | 1068595 | ||
| 003 | ARRUPE | ||
| 005 | 20151030123914.0 | ||
| 008 | 910225s1992 nyu b 001 0 eng | ||
| 010 | _a 91000465 | ||
| 020 |
_a0814721869 (cloth) : _c$35.00 |
||
| 020 |
_a0814721877 (pbk.) : _c$16.50 |
||
| 040 |
_aDLC _cDLC _dDLC |
||
| 050 | 0 | 0 |
_aB105.W3 _bJ87 1991 |
| 082 | 0 | 0 |
_a172/.42 _220 |
| 100 |
_aJean Bethke Elshtain. _920835 |
||
| 245 | 0 | 0 |
_aJust war theory / _cedited by Jean Bethke Elshtain. |
| 260 |
_aNew York : _bNew York University Press, _c1992. |
||
| 300 |
_aviii, 336 p. ; _c23 cm. |
||
| 440 | 0 |
_aReadings in social and political theory _93033 |
|
| 504 | _aIncludes bibl;iographical references and index. | ||
| 650 | 0 |
_aJust war doctrine. _92131 |
|
| 700 | 1 |
_aElshtain, Jean Bethke, _d1941-2013. _920836 |
|
| 906 |
_a7 _bcbc _corignew _d1 _eocip _f19 _gy-gencatlg |
||
| 942 |
_2lcc _cMONOGRAPH |
||
| 999 |
_c123711 _d123711 |
||